NTA UGC English Paper II (Record no. 138331)

MARC details
000 -LEADER
fixed length control field 00541nam a22002177a 4500
003 - CONTROL NUMBER IDENTIFIER
control field OSt
005 - DATE AND TIME OF LATEST TRANSACTION
control field 20260601160012.0
008 - FIXED-LENGTH DATA ELEMENTS--GENERAL INFORMATION
fixed length control field 260601b |||||||| |||| 00| 0 eng d
020 ## - INTERNATIONAL STANDARD BOOK NUMBER
International Standard Book Number 978-93-671-3747-5
040 ## - CATALOGING SOURCE
Transcribing agency SBCL
082 ## - DEWEY DECIMAL CLASSIFICATION NUMBER
Classification number 371.26
Item number PAN-N
100 ## - MAIN ENTRY--PERSONAL NAME
Personal name Pandey,Vineet
245 ## - TITLE STATEMENT
Title NTA UGC English Paper II
250 ## - EDITION STATEMENT
Edition statement 5th ed.
260 ## - PUBLICATION, DISTRIBUTION, ETC.
Place of publication, distribution, etc. Chennai
Name of publisher, distributor, etc. Pearson
Date of publication, distribution, etc. 2025
300 ## - PHYSICAL DESCRIPTION
Extent 580.00
630 ## - SUBJECT ADDED ENTRY--UNIFORM TITLE
General subdivision Social sciences
650 ## - SUBJECT ADDED ENTRY--TOPICAL TERM
Topical term or geographic name entry element Education
650 ## - SUBJECT ADDED ENTRY--TOPICAL TERM
Topical term or geographic name entry element Schools & their activities; special education
942 ## - ADDED ENTRY ELEMENTS (KOHA)
Koha item type BOOK
Holdings
Withdrawn status Lost status Source of classification or shelving scheme Damaged status Not for loan Collection code Home library Current library Date acquired Total Checkouts Full call number Barcode Shelving location Date last seen Cost, replacement price Price effective from Koha item type
    Dewey Decimal Classification     General Collection SB LIBRARY SB LIBRARY 01/06/2026   371.26 PAN-N 143629 REFERENCE READING ROOM 01/06/2026 580.00 01/06/2026 BOOK

Powered by Koha